Impact of Regulatory Stress Tests on Banking Sectors in the EU and US

Simulácia podmienok hospodárskej recesie a odhadnutie jej vplyv na bankové riziká a spôsob, ako im pomôcť.Význam stresových testov v rámci celého regulačného systému pre jednotlivé bankové inštitúcie a pre bankový sektor ako celok.

Na minha lista:
Detalhes bibliográficos
Autor principal: Majer, Lukáš, 1987-
Formato: Capítulo de Livro
Idioma:inglês
Assuntos:
Tags: Adicionar Tag
Sem tags, seja o primeiro a adicionar uma tag!

MARC

LEADER 00000nla a2200000 4500
001 0242490
005 20260205071149.1
041 0 |a eng 
044 |a SK 
245 1 0 |a Impact of Regulatory Stress Tests on Banking Sectors in the EU and US  |c Lukáš Majer 
520 |a Simulácia podmienok hospodárskej recesie a odhadnutie jej vplyv na bankové riziká a spôsob, ako im pomôcť.Význam stresových testov v rámci celého regulačného systému pre jednotlivé bankové inštitúcie a pre bankový sektor ako celok. 
610 2 0 |a testovanie stresové 
610 2 0 |a risk management 
610 2 0 |a volatilita 
610 2 0 |a simulácia 
610 2 0 |a banky 
610 2 0 |a USA 
610 2 0 |a Európska únia 
610 2 0 |a regulácia finančná 
100 1 |a Majer, Lukáš, 1987-